Statistiques concernant Eval histoire médiévale

Cliquez ici pour prendre le quiz!

Statistiques générales

  • Ce quiz a été pris 36 fois
  • Le résultat moyen est 5 sur 33

Statistiques - réponses

HintRéponse% Correct
fin Empire romain476
83%
Mort de Muhammad632
61%
1er concile Nicée325
52%
Hégire622
52%
partage definitif empire romain d'occident/orient395
30%
Fondation Constantinople par Constantin Ier330
26%
siège de Constantinople par les Avars626
26%
Omeyyades accèdent au Califat660/661
26%
règne Justinien Ier527-565
22%
règne Héraclius610-641
22%
concile Chalcédoine451
17%
bataille de Yarmouk défaite byzantins face arabes636
17%
2ème concile de Nicée : fin iconoclasme787
17%
règne du calife Abd al-Malik685-705
13%
Rétablissement iconoclasme815
13%
répudiation définitive de l'iconoclasme à Byzance843
13%
2nd siège de Constantinople par les arabes717-718
9%
début iconoclasme à Byzance726-730
9%
victoire de la révolution abbasside : début dynastie abbassides750
9%
dernière guerre Byzance/perse602-628
4%
règne Léon III717-741
4%
dynastie Isauriens à Byzance717-802
4%
fondation de Bagdad par Al-Mansûr762
4%
règne Léon VI le Sage886-912
4%
règne Constantin V741-775
0%
règne calife Hârûn al-Rashîd786-809
0%
règne calife Al-Ma'mûn813-833
0%
dynastie Amoriens à Byzance820-867
0%
fondation Samarra par Al-Mu'tasim836
0%
assassinat calife al-Mutawakkil début de l'anarchie à Samarra861
0%
dynastie des Macédoniens à Byzance867-1056
0%
règne Basile Ier, fondateur dynastie Macédoniens867-886
0%
retour du califat à Bagdad892
0%

Distribution des résultats

Percentile par nombre de réponses

% des personnes avec chaque résultat

Votre développement - résultats

Vous n’avez pas pris ce quiz